Film z hlediska autorského práva

Saved in:
Bibliographic Details
Main Author Hrabánek, Jiří, 1984- (Author)
Format Book
LanguageCzech
Published Praha : Leges, 2011
EditionVyd. 2., V nakl. Leges vyd. 1.
SeriesPraktik (Leges)
Subjects
ISBN9788087212912
Physical Description80 s. : il. ; 21 cm

Cover

LEADER 00000cam a2200000 a 4500
001 64153
003 CZ-ZlUTB
005 20240829150138.0
007 ta
008 110902s2011 xr a e f 000 0 cze
015 |a cnb002223493 
020 |a 9788087212912  |q (brož.) 
035 |a (OCoLC)780138079 
040 |a OLA001  |b cze  |d ABA001  |d ZLD002 
043 |a e-xr--- 
072 7 |a 347.7  |x Obchodní právo. Finanční právo. Právo průmyslového vlastnictví. Patentové právo. Autorské právo  |2 Konspekt  |9 16 
080 |a 347.78  |2 MRF 
080 |a 791.2  |2 MRF 
080 |a 791.62  |2 MRF 
080 |a (437.3)  |2 MRF 
080 |a (035)  |2 MRF 
100 1 |a Hrabánek, Jiří,  |d 1984-  |7 jx20100205012  |4 aut 
245 1 0 |a Film z hlediska autorského práva /  |c Jiří Hrabánek 
250 |a Vyd. 2., V nakl. Leges vyd. 1. 
260 |a Praha :  |b Leges,  |c 2011 
300 |a 80 s. :  |b il. ;  |c 21 cm 
490 1 |a Praktik 
504 |a Obsahuje bibliografii a bibliografické odkazy 
650 0 7 |a autorské právo  |7 ph114109  |z Česko  |2 czenas 
650 0 7 |a filmy  |7 ph120215  |2 czenas 
650 0 7 |a filmová výroba  |7 ph174786  |2 czenas 
650 0 9 |a copyright  |z Czechia  |2 eczenas 
650 0 9 |a films  |2 eczenas 
650 0 9 |a film production industry  |2 eczenas 
655 7 |a příručky  |7 fd133209  |2 czenas 
655 9 |a handbooks, manuals, etc  |2 eczenas 
830 0 |a Praktik (Leges)  |0 s 
910 |a ZLD002 
928 1 |a Nakladatelství Leges 
952 |0 0  |1 0  |4 0  |6 34HRABÁNEKJ  |7 0  |8 BOOK  |9 116445  |a UTBZL  |b UTBZL  |c 030  |d 2012-05-07  |l 0  |o 34/HRABÁNEK,J.  |p 420010144243  |r 2019-08-26 00:00:00  |v 190.00  |w 2019-08-26  |x N:nákup; | 20100831  |y 05 
952 |0 0  |1 0  |4 0  |6 3477HRABÁNEKJ  |7 0  |8 BOOK  |9 116446  |a UTBZL  |b UTBZL  |c 040  |d 2012-05-31  |l 1  |o 347.7/HRABÁNEK,J.  |p 420010144776  |r 2019-08-26 00:00:00  |v 190.00  |w 2019-08-26  |x změnit signaturu | N:nákup; | 20100831  |y 09 
992 |a BK  |b SK  |d 1 
901 |b 9788087212912  |f 2. vyd., 1. vyd. v nakl. Leges  |o 20120118 
999 |c 64153  |d 64153